|
|
|
|
| LEADER |
00000nam2a2200000 4500 |
| 001 |
196210 |
| 005 |
20231031183016.0 |
| 035 |
|
|
|a (RuTPU)RU\TPU\book\214053
|
| 035 |
|
|
|a RU\TPU\book\214051
|
| 090 |
|
|
|a 196210
|
| 100 |
|
|
|a 20110519d1982 k y0rusy50 ca
|
| 101 |
0 |
|
|a rus
|
| 102 |
|
|
|a RU
|
| 105 |
|
|
|a a z 001zy
|
| 200 |
0 |
|
|a Вып. 9
|f гл. ред. Н. И. Левитский
|
| 210 |
|
|
|d 1982
|
| 215 |
|
|
|a 160 с.
|c ил.
|
| 320 |
|
|
|a Библиогр. в конце ст.
|
| 461 |
|
1 |
|0 (RuTPU)RU\TPU\book\214031
|t Сборник научно-методических статей по теории механизмов и машин
|f СССР, Министерство высшего и среднего специального образования
|v Вып. 9
|d 1968-
|
| 610 |
1 |
|
|a преподавание
|
| 610 |
1 |
|
|a преподавание
|
| 610 |
1 |
|
|a ЭВМ
|
| 610 |
1 |
|
|a роботы-манипуляторы
|
| 610 |
1 |
|
|a кулачковые механизмы
|
| 610 |
1 |
|
|a вариаторы
|
| 610 |
1 |
|
|a курсовое проектирование
|
| 610 |
1 |
|
|a методика
|
| 675 |
|
|
|a 621.01
|v 3
|
| 702 |
|
1 |
|a Левитский
|b Н. И.
|4 651
|
| 801 |
|
1 |
|a RU
|b 63413507
|c 20110519
|
| 801 |
|
2 |
|a RU
|b 63413507
|c 20150717
|g RCR
|
| 942 |
|
|
|c BK
|